[Event "DRUZYNOWE MISTRZOSTWA POLSKI JUNIOROW - II LIGA"]
[Site "Szczyrk, CKiR Orle Gniazdo ul. Wrzosowa 28a"]
[Date "2014-07-29"]
[Round "7.49"]
[White "Gladysz, Jakub"]
[Black "Lizak, Jakub"]
[Result "0-1"]
[WhiteTitle "I"]
[BlackTitle "I++"]
[WhiteElo "1789"]
[BlackElo "1980"]

1. d4 Nf6 2. c4 e6 3. Nf3 c5 4. d5 exd5 5. cxd5 d6 6. Nc3 g6 7. e4 Bg7 8. Bd3 O-O
9. O-O Bg4 10. h3 Bxf3 11. Qxf3 a6 12. a4 Nbd7 13. Bf4 Ne8 14. Qe3 Qc7 15. Kh1
Rb8 16. a5 b5 17. axb6 Rxb6 18. Qe2 Qb8 19. Ra2 Ne5 20. Bxe5 Bxe5 21. Bxa6 Nc7
22. Bc4 Bg7 23. f4 Re8 24. f5 Be5 25. fxg6 hxg6 26. Nd1 Rf8 27. b3 Ne8 28. Qe3
Nf6 29. g4 Kg7 30. Kg2 Rb7 31. Nf2 Re7 32. Qf3 Bd4 33. g5 Nh7 34. Qg4 Re5 35.
h4 Qe8 36. Bd3 Qe7 37. Nh3 Rb8 38. Rb1 f6 39. Nf4 fxg5 40. Ne6+ Kg8 41. h5 Nf6
42. Qf3 Nxh5 43. Rf1 Rxe6 44. dxe6 Nf4+ 45. Kg3 Rxb3 46. Ra8+ Kg7 47. Rd1 Be5
48. Kf2 c4 49. Qh1 Rb2+ 50. Kf1 Nh5 51. Be2 Ng3+ 52. Kg2 Rxe2+ 0-1

[Event "DRUZYNOWE MISTRZOSTWA POLSKI JUNIOROW - II LIGA"]
[Site "Szczyrk, CKiR Orle Gniazdo ul. Wrzosowa 28a"]
[Date "2014-07-29"]
[Round "7.50"]
[White "Szolc, Grzegorz"]
[Black "Wilk, Tomasz"]
[Result "1-0"]
[WhiteTitle "I"]
[BlackTitle "I"]
[WhiteElo "1883"]
[BlackElo "1767"]

1. c4 c5 2. Nc3 Nc6 3. g3 g6 4. Bg2 Bg7 5. e4 d6 6. Nge2 e5 7. O-O Be6 8. d3 Qd7
9. Nd5 Bxd5 10. cxd5 Nd4 11. Nxd4 exd4 12. f4 Ne7 13. Qe2 O-O 14. h4 f5 15. Bh3
b5 16. Bd2 Qc7 17. g4 fxe4 18. dxe4 c4 19. g5 Rab8 20. Be6+ Kh8 21. Rac1 a5 22.
Kh1 Qc5 23. h5 d3 24. Qe1 b4 25. hxg6 Bxb2 26. f5 Bxc1 27. Bc3+ bxc3 28. Qxc3+
1-0

[Event "DRUZYNOWE MISTRZOSTWA POLSKI JUNIOROW - II LIGA"]
[Site "Szczyrk, CKiR Orle Gniazdo ul. Wrzosowa 28a"]
[Date "2014-07-29"]
[Round "7.51"]
[White "Zak, Piotr"]
[Black "Tustanowski, Mateusz"]
[Result "0-1"]
[WhiteTitle "II"]
[BlackTitle "I"]
[WhiteElo "1328"]
[BlackElo "1760"]

1. e4 e5 2. Nf3 Nc6 3. Bc4 Nf6 4. Nc3 Bc5 5. d3 d6 6. h3 Na5 7. Bb3 Nxb3 8. axb3
a6 9. O-O h6 10. Be3 Bxe3 11. fxe3 Be6 12. Qe2 O-O 13. Rf2 g6 14. Raf1 Nh5 15.
Kh2 Ng7 16. Qd2 Kh7 17. Ne2 f5 18. Ng3 Qe7 19. exf5 gxf5 20. Qb4 b6 21. Qh4 Rae8
22. Qxe7 Rxe7 23. Nh4 Ref7 24. c4 Bd7 25. Ra1 a5 26. Raf1 f4 27. exf4 exf4 28.
Ne2 Ne6 29. d4 Bc8 30. Nf3 Ng5 31. Nd2 f3 32. Nxf3 Ne4 33. Ng5+ Nxg5 34. Rxf7+
Rxf7 35. Rxf7+ Nxf7 36. Kg3 Bf5 37. Kf3 Bc2 38. Nc1 Kg6 39. h4 Nd8 40. Ke3 Kh5
41. g3 Kg4 42. Ne2 Bxb3 43. Kd3 Bd1 44. d5 Bxe2+ 45. Kxe2 Kxg3 0-1

[Event "DRUZYNOWE MISTRZOSTWA POLSKI JUNIOROW - II LIGA"]
[Site "Szczyrk, CKiR Orle Gniazdo ul. Wrzosowa 28a"]
[Date "2014-07-29"]
[Round "7.52"]
[White "Kukula, Karol"]
[Black "Bober, Tomasz"]
[Result "1/2-1/2"]
[WhiteTitle "II"]
[BlackTitle "II"]
[WhiteElo "1299"]
[BlackElo "1161"]

1. e4 e5 2. Nf3 Nc6 3. Nc3 Nf6 4. d4 exd4 5. Nxd4 Bb4 6. Nxc6 bxc6 7. Bd3 O-O 8.
O-O d5 9. exd5 cxd5 10. Bg5 c6 11. Qf3 Be7 12. h3 Ne8 13. Bxe7 Qxe7 14. Rfe1 Qf6
15. Qxf6 Nxf6 16. Rad1 g6 17. Na4 Be6 18. Nc5 Rfe8 19. Re2 Re7 20. Rde1 Rae8 21.
Nxe6 Rxe6 22. Rxe6 Rxe6 23. Rxe6 fxe6 24. Kf1 e5 25. Ba6 c5 26. Ke2 Kf7 27. g3
Ke6 28. Bc8+ Kd6 29. h4 h5 30. Bh3 Ke7 31. Bg2 Ke6 32. Bh3+ Kd6 33. Bg2 Ke6 34.
Bh3+ Kd6 35. Bg2 Ke6 36. Bh3+ 1/2-1/2

[Event "DRUZYNOWE MISTRZOSTWA POLSKI JUNIOROW - II LIGA"]
[Site "Szczyrk, CKiR Orle Gniazdo ul. Wrzosowa 28a"]
[Date "2014-07-29"]
[Round "7.53"]
[White "Kozubal, Aleksandra"]
[Black "Wojcik, Jagoda"]
[Result "1-0"]
[WhiteTitle "I+"]
[BlackTitle "I"]
[WhiteElo "1576"]
[BlackElo "1379"]

1. d4 Nf6 2. c4 e6 3. Nf3 Bb4+ 4. Bd2 Qe7 5. a3 Bxd2+ 6. Nbxd2 d6 7. e3 e5 8. d5
Bf5 9. Be2 Nbd7 10. Nh4 Bg6 11. Nxg6 hxg6 12. b4 O-O 13. O-O a5 14. Qc2 Nb6 15.
e4 axb4 16. axb4 Nbd7 17. Ra2 Nh5 18. g3 Qg5 19. Nf3 Qh6 20. Rfa1 Rxa2 21. Rxa2
f5 22. Nh4 f4 23. Qd1 Nhf6 24. Bf3 Kf7 25. Bg2 Rh8 26. h3 fxg3 27. fxg3 Qe3+ 28.
Kh2 g5 29. Nf5 Qc3 30. Qd2 Qxc4 31. Qxg5 g6 32. Rf2 gxf5 33. Qxf5 Kg8 34. Qg6+
Kf8 35. Qf5 Qd4 36. Rf1 Kg7 37. Qg5+ Kf7 38. Qf5 Kg7 39. g4 Qxb4 40. g5 Ng4+ 41.
Qxg4 Nc5 42. Qf5 Qd2 43. Qf7# 1-0

[Event "DRUZYNOWE MISTRZOSTWA POLSKI JUNIOROW - II LIGA"]
[Site "Szczyrk, CKiR Orle Gniazdo ul. Wrzosowa 28a"]
[Date "2014-07-29"]
[Round "7.54"]
[White "Kawecka, Malgorzata"]
[Black "Jurkiewicz, Zuzanna"]
[Result "0-1"]
[WhiteTitle "II+"]
[BlackTitle "I"]
[WhiteElo "1235"]
[BlackElo "1442"]

1. e4 c5 2. Nf3 e6 3. d4 cxd4 4. Nxd4 a6 5. Bd3 Qc7 6. O-O d6 7. c4 Nf6 8. Nc3
Be7 9. Qf3 O-O 10. Qg3 Kh8 11. Be3 Nbd7 12. b4 Ne5 13. Bg5 Nxc4 14. Rac1 Qb6 15.
Nc2 Ne5 16. Ne2 h6 17. Be3 Qd8 18. Bf4 Nh5 19. Qe3 Nxf4 20. Nxf4 Bg5 21. Ne1 Nxd3
22. Nexd3 e5 23. Rcd1 exf4 24. Qf3 Qf6 25. Rfe1 Re8 26. h3 Rb8 27. a4 b6 28. b5
a5 29. Nc1 Bb7 30. Qa3 Rbd8 31. f3 0-1

[Event "DRUZYNOWE MISTRZOSTWA POLSKI JUNIOROW - II LIGA"]
[Site "Szczyrk, CKiR Orle Gniazdo ul. Wrzosowa 28a"]
[Date "2014-07-29"]
[Round "7.55"]
[White "Zylka, Stanislaw"]
[Black "Tomaka, Marek"]
[Result "1/2-1/2"]
[WhiteTitle "I++"]
[BlackTitle "II"]
[WhiteElo "1931"]
[BlackElo "1623"]

1. e4 c5 2. Nf3 e6 3. d4 cxd4 4. Nxd4 Nf6 5. Nc3 Nc6 6. Ndb5 d6 7. Bf4 e5 8. Bg5
a6 9. Na3 b5 10. Nd5 Be7 11. Bxf6 Bxf6 12. c3 Bg5 13. Nc2 O-O 14. a4 bxa4 15.
Rxa4 a5 16. Bc4 Rb8 17. Ra2 Kh8 18. h4 Bh6 19. Nce3 Be6 20. g3 Qd7 21. O-O f5
22. Nxf5 Bxf5 23. exf5 Qxf5 24. Qa4 Qh3 25. Qxc6 Rbc8 26. Qa4 Rf3 27. b3 Bf4 28.
Nxf4 exf4 29. Re2 fxg3 30. Re8+ Rf8 31. Rxf8+ Rxf8 32. fxg3 Qxg3+ 33. Kh1 Qh3+
34. Kg1 Qg3+ 35. Kh1 Qh3+ 36. Kg1 Qg4+ 37. Kh1 Qxh4+ 38. Kg1 Qg3+ 39. Kh1 Qh3+
40. Kg1 Qg3+ 1/2-1/2

[Event "DRUZYNOWE MISTRZOSTWA POLSKI JUNIOROW - II LIGA"]
[Site "Szczyrk, CKiR Orle Gniazdo ul. Wrzosowa 28a"]
[Date "2014-07-29"]
[Round "7.56"]
[White "Modlich, Kacper"]
[Black "Beczala, Pawel"]
[Result "0-1"]
[WhiteTitle "II+"]
[BlackTitle "II+"]
[WhiteElo "1591"]
[BlackElo "1711"]

1. e4 c5 2. Nf3 Nc6 3. d4 cxd4 4. Nxd4 Nf6 5. Nc3 d6 6. Bg5 e6 7. Qd2 Be7 8. O-O-O
O-O 9. Bxf6 Bxf6 10. Nxc6 bxc6 11. Qxd6 Qa5 12. Qg3 Bxc3 13. Qxc3 Qxa2 14. b3
Ba6 15. Bxa6 Qxa6 16. Rd6 Qa3+ 17. Qb2 Qxd6 18. Kb1 Rfd8 19. Qc1 Qd2 20. Rf1 Qxc1+
21. Kxc1 h6 22. Re1 a5 23. Re2 c5 24. Kb2 a4 25. f3 axb3 26. cxb3 Rab8 27. Kc2
Rdc8 28. Kc3 Rb4 29. Rd2 Rcb8 30. Rc2 Rxb3+ 31. Kd2 Rb2 32. g3 Rxc2+ 33. Kxc2
Kf8 34. Kc3 Ke7 35. Kc4 Kd6 36. e5+ Kxe5 37. Kxc5 Rb2 38. h4 Rb3 39. f4+ Kf5 40.
g4+ Kxg4 41. f5 Kxf5 42. h5 Rd3 43. Kc4 Rd8 44. Kc5 e5 45. Kc6 e4 46. Kc7 Rd1
47. Kc6 e3 48. Kc5 e2 49. Kc4 e1=Q 50. Kb3 Rd4 51. Kc2 Qd2+ 52. Kb1 Rb4+ 53. Ka1
Qb2# 0-1

[Event "DRUZYNOWE MISTRZOSTWA POLSKI JUNIOROW - II LIGA"]
[Site "Szczyrk, CKiR Orle Gniazdo ul. Wrzosowa 28a"]
[Date "2014-07-29"]
[Round "7.57"]
[White "Walter, Szymon"]
[Black "Ulatowski, Jakub"]
[Result "1-0"]
[WhiteTitle "I++"]
[BlackTitle "II"]
[WhiteElo "2022"]
[BlackElo "1477"]

1. e4 c5 2. Nf3 d6 3. d4 cxd4 4. Nxd4 Nf6 5. Nc3 a6 6. h3 e5 7. Nde2 Be6 8. g4
Be7 9. Bg2 Nc6 10. Nd5 Bxd5 11. exd5 Na7 12. Ng3 Qc7 13. O-O O-O 14. Nf5 Rfe8
15. Be3 Nc8 16. Qd2 Bd8 17. b3 Ne7 18. Nxe7+ Bxe7 19. c4 a5 20. Rac1 b6 21. a3
Nd7 22. b4 axb4 23. axb4 Ra7 24. Rfd1 Rd8 25. Be4 g6 26. Rc2 Ra6 27. Qd3 Ra4 28.
Qb3 Qa7 29. Qc3 Ra3 30. Qd2 Ra4 31. Rdc1 Ra1 32. Rxa1 Qxa1+ 33. Kg2 Qa7 34. Ra2
Qc7 35. Bd3 Qb7 36. Bc2 Rc8 37. Qe2 Kg7 38. Ba4 Rd8 39. Bc6 Qc7 40. Ra6 Kg8 41.
Qa2 Kg7 42. Qa4 1-0

[Event "DRUZYNOWE MISTRZOSTWA POLSKI JUNIOROW - II LIGA"]
[Site "Szczyrk, CKiR Orle Gniazdo ul. Wrzosowa 28a"]
[Date "2014-07-29"]
[Round "7.59"]
[White "Binkowska, Agata"]
[Black "Hryn, Zofia"]
[Result "1-0"]
[WhiteTitle "I"]
[BlackTitle "II"]
[WhiteElo "1602"]
[BlackElo "1320"]

1. d4 d5 2. Nf3 c6 3. e3 Nf6 4. Bd3 e6 5. O-O Nbd7 6. b3 Be7 7. Nbd2 O-O 8. Bb2
c5 9. Ne5 Qc7 10. f4 b6 11. Rf3 Rd8 12. Rh3 Nf8 13. Qf3 g6 14. g4 cxd4 15. Bxd4
Bc5 16. Bb2 Bb7 17. g5 Nh5 18. Rf1 d4 19. e4 Ng7 20. Qf2 a5 21. Ng4 Ba6 22. Nf6+
Kh8 23. Qh4 Nh5 24. Nxh5 gxh5 25. Qxh5 Bxd3 26. cxd3 Qe7 27. e5 Rac8 28. Ne4 f5
29. exf6 Qd7 30. f7 Rc7 31. g6 Qxf7 32. gxf7 Rxf7 33. Qxf7 Rd7 34. Rxh7+ Nxh7
35. Qxd7 1-0

[Event "DRUZYNOWE MISTRZOSTWA POLSKI JUNIOROW - II LIGA"]
[Site "Szczyrk, CKiR Orle Gniazdo ul. Wrzosowa 28a"]
[Date "2014-07-29"]
[Round "7.60"]
[White "Hryn, Aleksandra"]
[Black "Buchta, Agnieszka"]
[Result "0-1"]
[WhiteTitle "II+"]
[BlackTitle "II+"]
[WhiteElo "1293"]
[BlackElo "1371"]

1. e4 c5 2. Nf3 e6 3. d4 cxd4 4. Nxd4 Nf6 5. Nc3 Nc6 6. Nxc6 bxc6 7. Bd3 d5 8.
exd5 cxd5 9. O-O Bd6 10. h3 a6 11. Bd2 O-O 12. Re1 Bb7 13. Qe2 Qb6 14. Rab1 h6
15. a3 e5 16. Qf1 e4 17. Be2 d4 18. Na2 e3 19. fxe3 dxe3 20. Bb4 Ne4 21. Bxd6
Qxd6 22. Rbd1 Qc7 23. Qf5 Ng3 24. Qd3 Qf4 25. Qc4 Qf2+ 26. Kh2 Qxg2# 0-1

[Event "DRUZYNOWE MISTRZOSTWA POLSKI JUNIOROW - II LIGA"]
[Site "Szczyrk, CKiR Orle Gniazdo ul. Wrzosowa 28a"]
[Date "2014-07-29"]
[Round "7.61"]
[White "Jajte-pachota, Maciej"]
[Black "Lapaj, Mateusz"]
[Result "0-1"]
[WhiteTitle "I"]
[BlackTitle "I++"]
[WhiteElo "1916"]
[BlackElo "2135"]

1. e4 e6 2. d4 d5 3. exd5 exd5 4. Bd3 Bd6 5. c3 Nc6 6. Ne2 Nge7 7. Bf4 Bf5 8. O-O
Bg6 9. Bxd6 Qxd6 10. f4 Qe6 11. Kh1 O-O-O 12. Ng3 Nf5 13. Nxf5 Bxf5 14. Re1 Qg6
15. Bxf5+ Qxf5 16. Na3 Rde8 17. Qf3 h5 18. Kg1 Re7 19. Kf2 Rhe8 20. Rxe7 Rxe7
21. Re1 Rxe1 22. Kxe1 Ne7 23. Qe3 Kd7 24. Qe5 Qg6 25. Nb5 Qb1+ 26. Kf2 Qxb2+ 27.
Qe2 Qc1 28. Qxh5 a6 29. Nxc7 Qxf4+ 30. Ke2 Kxc7 31. g4 Qe4+ 32. Kd2 Ng6 33. Kc1
Kc6 34. h3 Kb5 35. g5 Kc4 36. Kb2 Qg2+ 0-1

[Event "DRUZYNOWE MISTRZOSTWA POLSKI JUNIOROW - II LIGA"]
[Site "Szczyrk, CKiR Orle Gniazdo ul. Wrzosowa 28a"]
[Date "2014-07-29"]
[Round "7.62"]
[White "Rosicki, Marcin"]
[Black "Golda, Sebastian"]
[Result "1-0"]
[WhiteTitle "I"]
[BlackTitle "I"]
[WhiteElo "1776"]
[BlackElo "1730"]

1. e4 e5 2. Nc3 Nf6 3. f4 d6 4. Nf3 exf4 5. Bc4 Be7 6. d4 O-O 7. O-O c6 8. Bxf4
d5 9. Bd3 dxe4 10. Nxe4 Nbd7 11. Ng3 Nd5 12. Bd2 Nb4 13. Bc4 Nb6 14. Bb3 a5 15.
a4 Bg4 16. c3 N4d5 17. Qc2 Bxf3 18. Rxf3 Bg5 19. Raf1 Bxd2 20. Qxd2 Rc8 21. Nf5
Rc7 22. Rg3 f6 23. Qh6 Rff7 24. Qh4 Kh8 25. Bc2 Qg8 26. Nh6 g5 27. Qh5 Qf8 28.
Nxf7+ Rxf7 29. Rxg5 Ne3 30. Rxf6 1-0

[Event "DRUZYNOWE MISTRZOSTWA POLSKI JUNIOROW - II LIGA"]
[Site "Szczyrk, CKiR Orle Gniazdo ul. Wrzosowa 28a"]
[Date "2014-07-29"]
[Round "7.63"]
[White "Flach, Rajmund"]
[Black "Gora, Szczepan"]
[Result "1-0"]
[WhiteTitle "II"]
[BlackTitle "III"]
[WhiteElo "1353"]
[BlackElo "1115"]

1. e4 e5 2. Nf3 Nc6 3. Bc4 Bc5 4. O-O Nf6 5. d3 O-O 6. h3 h6 7. Re1 d6 8. c3 Be6
9. Bb3 Bb6 10. Nbd2 Re8 11. Nf1 d5 12. Qe2 d4 13. Bxe6 Rxe6 14. Ng3 Ne8 15. Nh2
Nd6 16. Nf5 Nxf5 17. exf5 Rd6 18. c4 Qh4 19. Qf3 Kf8 20. Re4 Qd8 21. Ng4 Ke8 22.
Nxe5 Nxe5 23. Rxe5+ Kf8 24. b3 Rb8 25. Ba3 c5 26. Bxc5 Bxc5 27. Rxc5 Qd7 28. Re5
Qc7 29. g3 b6 30. a3 Rbd8 31. Rae1 R6d7 32. Qe2 Qb8 33. b4 Rc7 34. Re7 Rcc8 35.
Qh5 g6 36. Qxh6+ Kg8 37. f6 1-0

[Event "DRUZYNOWE MISTRZOSTWA POLSKI JUNIOROW - II LIGA"]
[Site "Szczyrk, CKiR Orle Gniazdo ul. Wrzosowa 28a"]
[Date "2014-07-29"]
[Round "7.65"]
[White "Jedrocha, Katarzyna"]
[Black "Konopacka, Martyna"]
[Result "1/2-1/2"]
[WhiteTitle "I+"]
[BlackTitle "I"]
[WhiteElo "1723"]
[BlackElo "1715"]

1. e4 e5 2. Nf3 Nc6 3. d4 exd4 4. Nxd4 Bc5 5. Be3 Qf6 6. c3 Nge7 7. g3 Nxd4 8.
cxd4 Bb4+ 9. Nc3 Bxc3+ 10. bxc3 d5 11. e5 Qg6 12. Bd3 Bf5 13. Bxf5 Nxf5 14. Qf3
c6 15. O-O O-O 16. Rab1 Rab8 17. Bf4 Qe6 18. Rfe1 Ne7 19. Qg2 b6 20. Be3 Rbc8
21. g4 f5 22. f3 fxg4 23. fxg4 Ng6 24. Rf1 Rxf1+ 25. Rxf1 c5 26. h3 cxd4 27. cxd4
Qd7 28. Qf2 Nf8 29. Qf5 Ne6 30. Rc1 Rf8 31. Qc2 Qf7 32. Qc6 Nd8 33. Qc3 Qf3 34.
Kh2 Qe2+ 35. Kg1 Qf3 36. Kh2 Qe2+ 37. Kg1 Ne6 38. Qe1 Qf3 39. Kh2 Nxd4 40. Bxd4
Qf4+ 41. Kg2 Qxd4 42. e6 Qf4 43. e7 Re8 44. Qe6+ Qf7 45. Qd6 Qxe7 46. Qxd5+ Qe6
47. Qxe6+ Rxe6 48. Kf3 Kf7 49. Rc7+ Re7 50. Rc6 Re6 51. Rc7+ Re7 52. Rc6 Re6 53.
Rc7+ 1/2-1/2

[Event "DRUZYNOWE MISTRZOSTWA POLSKI JUNIOROW - II LIGA"]
[Site "Szczyrk, CKiR Orle Gniazdo ul. Wrzosowa 28a"]
[Date "2014-07-29"]
[Round "7.66"]
[White "Zamarska, Sylwia"]
[Black "Furtak, Joanna"]
[Result "0-1"]
[WhiteTitle "II"]
[BlackTitle "I"]
[WhiteElo "1313"]
[BlackElo "1425"]

1. d4 Nf6 2. c4 e5 3. dxe5 Ng4 4. Nf3 Nc6 5. Bg5 Be7 6. Bf4 f6 7. exf6 Nxf6 8.
Nc3 d6 9. e3 Bf5 10. Bd3 Bxd3 11. Qxd3 Qd7 12. Nd5 g6 13. Qc3 Rf8 14. Bh6 Rf7
15. Ng5 Nxd5 16. cxd5 Bf6 17. Qa3 Bxg5 18. dxc6 Qxc6 19. Bxg5 Qxg2 20. Rf1 Qxg5
21. Rc1 Qb5 22. Qc3 O-O-O 23. Qd4 Qa5+ 24. Rc3 Qxa2 25. Ra3 Qb1+ 26. Ke2 Qc2+
27. Ke1 c5 28. Rc3 Qb1+ 29. Qd1 Qxd1+ 30. Kxd1 Rdf8 31. Ke2 Kd7 32. f3 Ke6 33.
e4 g5 34. Ke3 Rf4 35. h3 Rh4 36. Rh1 h5 37. Rcc1 Rhf4 38. Rcf1 g4 39. hxg4 hxg4
40. Rh4 Rxf3+ 41. Rxf3 gxf3 42. Rh1 f2 43. Rf1 Ke5 44. b3 b5 45. Rxf2 Rxf2 46.
Kxf2 Kxe4 0-1

[Event "DRUZYNOWE MISTRZOSTWA POLSKI JUNIOROW - II LIGA"]
[Site "Szczyrk, CKiR Orle Gniazdo ul. Wrzosowa 28a"]
[Date "2014-07-29"]
[Round "7.67"]
[White "Koitka, Jakub"]
[Black "Janulek, Dawid"]
[Result "1/2-1/2"]
[WhiteTitle "I+"]
[BlackTitle "I"]
[WhiteElo "1994"]
[BlackElo "1878"]

1. d4 Nf6 2. Bg5 e6 3. e3 h6 4. Bf4 Nc6 5. h3 d6 6. Nf3 g5 7. Bh2 Bg7 8. Bd3 Qe7
9. Nbd2 e5 10. dxe5 Nxe5 11. Nxe5 dxe5 12. c3 Bd7 13. Ne4 Bc6 14. Qc2 O-O-O 15.
Nxf6 Qxf6 16. Bf5+ Kb8 17. e4 Rd6 18. Rd1 Rhd8 19. Ke2 Bb5+ 20. c4 Rxd1 21. Rxd1
Rxd1 22. Kxd1 Qd6+ 23. Ke2 Bc6 24. Qd3 Qxd3+ 25. Kxd3 f6 26. b4 Bf8 27. Kc3 Be8
28. f3 c5 29. b5 Bf7 30. Bg1 Kc7 31. a4 b6 32. Be3 Bd6 33. Kd3 Kd8 34. Bd2 Kc7
35. a5 Kd8 36. h4 Kc7 37. Bh3 Kd8 38. hxg5 hxg5 39. Bg4 Bc7 40. a6 Bd6 41. Bf5
Bc7 42. Be1 Bd6 43. Bf2 Bc7 1/2-1/2

[Event "DRUZYNOWE MISTRZOSTWA POLSKI JUNIOROW - II LIGA"]
[Site "Szczyrk, CKiR Orle Gniazdo ul. Wrzosowa 28a"]
[Date "2014-07-29"]
[Round "7.68"]
[White "Piela, Dominik"]
[Black "Witczak, Jakub"]
[Result "0-1"]
[WhiteTitle "II+"]
[BlackTitle "I"]
[WhiteElo "1565"]
[BlackElo "1828"]

1. c4 Nf6 2. Nf3 e6 3. d4 Bb4+ 4. Bd2 Qe7 5. a3 Bxd2+ 6. Nbxd2 d5 7. g3 O-O 8.
Bg2 b6 9. O-O Bb7 10. Qc2 c5 11. Rac1 Nbd7 12. e3 dxc4 13. Nxc4 Rac8 14. Qb1 Be4
15. Qa2 Bd5 16. b3 Rfd8 17. Nfe5 Bxg2 18. Kxg2 b5 19. Nd2 Nxe5 20. dxe5 Ng4 21.
Nf3 Qb7 22. Qe2 Nxe5 23. e4 Nxf3 24. Qxf3 h6 25. Qe3 Qc7 26. Rc2 Rd6 27. Rfc1
Rc6 28. h4 Qb6 29. b4 c4 30. Qxb6 Rxb6 31. Rd1 Rb7 32. Kf3 Kf8 33. Ke3 Ke7 34.
Rc3 Rcc7 35. Rd4 Rd7 36. f3 g6 37. f4 f6 38. Rxd7+ Rxd7 39. Ke2 Kd6 40. a4 Kc6
41. a5 Rd4 42. Re3 h5 43. Ke1 Kd6 44. e5+ fxe5 45. Rxe5 Rd5 46. Re3 e5 47. Kf2
exf4 48. gxf4 Rd2+ 49. Ke1 Rd4 50. Re5 c3 51. Rc5 Rc4 52. Rxc4 bxc4 53. Kd1 Kc6
54. b5+ Kxb5 55. Kc2 Kxa5 0-1

[Event "DRUZYNOWE MISTRZOSTWA POLSKI JUNIOROW - II LIGA"]
[Site "Szczyrk, CKiR Orle Gniazdo ul. Wrzosowa 28a"]
[Date "2014-07-29"]
[Round "7.69"]
[White "Koziorowicz, Michal"]
[Black "Klepek, Witold"]
[Result "0-1"]
[WhiteTitle "II"]
[BlackTitle "I"]
[WhiteElo "1406"]
[BlackElo "1892"]

1. e4 c5 2. Nf3 Nc6 3. d4 cxd4 4. Nxd4 Nf6 5. Nc3 e6 6. Ndb5 Bb4 7. a3 Bxc3+ 8.
Nxc3 d5 9. exd5 exd5 10. Bd3 O-O 11. O-O d4 12. Ne2 Bg4 13. f3 Bh5 14. Nf4 Bg6
15. Nxg6 hxg6 16. f4 Re8 17. Qf3 Qd7 18. f5 Ne5 19. Qh3 Nxd3 20. Qxd3 gxf5 21.
Rxf5 Rac8 22. Bf4 Ne4 23. Re5 Nc5 24. Qf5 Qxf5 25. Rxf5 Re2 26. Rc1 Ne6 27. Kf1
Rcxc2 28. Rxc2 Rxc2 29. b3 Rc3 30. Bg3 Rxb3 31. Ra5 a6 32. Bf2 Kf8 33. Ke1 Ke7
34. Rd5 Rxa3 35. Bxd4 Nxd4 36. Rxd4 Ra2 0-1

[Event "DRUZYNOWE MISTRZOSTWA POLSKI JUNIOROW - II LIGA"]
[Site "Szczyrk, CKiR Orle Gniazdo ul. Wrzosowa 28a"]
[Date "2014-07-29"]
[Round "7.71"]
[White "Kaniowska, Anna"]
[Black "Kaszok, Weronika"]
[Result "1-0"]
[WhiteTitle "II+"]
[BlackTitle "II"]
[WhiteElo "1363"]
[BlackElo "1365"]

1. d4 Nf6 2. c4 e5 3. dxe5 Ng4 4. Bf4 g5 5. Bg3 Nc6 6. Nf3 Bb4+ 7. Nbd2 Qe7 8.
a3 Bxd2+ 9. Qxd2 Ngxe5 10. Bxe5 Nxe5 11. Nxg5 f6 12. Nf3 Nxc4 13. Qc3 d5 14. e3
Ne5 15. Nd4 Bd7 16. Qxc7 Bc6 17. Qxe7+ Kxe7 18. O-O-O Rac8 19. Kb1 Rhg8 20. g3
Ng4 21. Rd2 Rgd8 22. Bh3 Bd7 23. Bg2 Bc6 24. Nxc6+ bxc6 25. Bh3 f5 26. Bxg4 fxg4
27. Rc1 Ke6 28. Rd4 h5 29. b4 a6 30. Rd2 Rd7 31. Rdc2 Rdc7 32. Rc5 Kd7 33. e4
Kd6 34. exd5 cxd5 35. Rxc7 Rxc7 36. Rxc7 Kxc7 37. Kc2 Kd6 38. Kd3 Kc6 39. a4 Kd6
40. Kd4 Kc6 41. Ke5 d4 42. Kxd4 Kb6 43. Kd5 a5 44. bxa5+ Kxa5 45. Ke5 1-0

[Event "DRUZYNOWE MISTRZOSTWA POLSKI JUNIOROW - II LIGA"]
[Site "Szczyrk, CKiR Orle Gniazdo ul. Wrzosowa 28a"]
[Date "2014-07-29"]
[Round "7.72"]
[White "Orlik, Sandra"]
[Black "Zalucka, Emilia"]
[Result "1-0"]
[WhiteTitle "II"]
[BlackTitle "II"]
[WhiteElo "1288"]
[BlackElo "1159"]

1. e4 e5 2. Nf3 Nc6 3. Nc3 Nf6 4. d4 Bb4 5. Nxe5 Qe7 6. f3 Bxc3+ 7. bxc3 Nxe5 8.
dxe5 Qxe5 9. Qd4 Qe6 10. Bc4 d5 11. Bb3 c6 12. Ba3 b6 13. O-O c5 14. exd5 cxd4
15. dxe6 Bxe6 16. Bxe6 fxe6 17. cxd4 Kf7 18. c4 Rhd8 19. Rfd1 Rac8 20. Rac1 g5
21. g4 h5 22. h3 hxg4 23. hxg4 Nd7 24. Kf2 e5 25. d5 Nc5 26. Bxc5 Rxc5 27. a4
Ke7 28. Rd3 Ra5 29. Ra3 Kd6 30. Ke3 Rc8 31. Ke4 b5 32. c5+ Rxc5 33. Rxc5 Kxc5
34. Kxe5 Rxa4 35. Rxa4 bxa4 36. d6 a3 37. d7 a2 38. d8=Q a1=Q+ 39. Kf5 Qg7 40.
Qa5+ Kc4 41. Qa4+ Kc5 42. Qa3+ Kc4 43. Qc1+ Kd3 44. Qxg5 Qxg5+ 45. Kxg5 a5 46.
Kf5 a4 47. g5 a3 48. g6 a2 49. g7 a1=Q 50. g8=Q Qa5+ 51. Kg4 Qb4+ 52. f4 Qb7 53.
Qg6+ Kd4 54. Qd6+ Ke4 55. Qe6+ Kd4 56. Qe5+ Kc4 57. Qe2+ Kd4 58. Qd2+ Kc4 59.
f5 Qg7+ 60. Qg5 Qd7 61. Qf4+ Kc5 62. Qe5+ Kc4 63. Qe6+ Qxe6 64. fxe6 1-0

[Event "DRUZYNOWE MISTRZOSTWA POLSKI JUNIOROW - II LIGA"]
[Site "Szczyrk, CKiR Orle Gniazdo ul. Wrzosowa 28a"]
[Date "2014-07-29"]
[Round "7.73"]
[White "Karpacz, Piotr"]
[Black "Drabek, Jan"]
[Result "0-1"]
[WhiteTitle "II+"]
[BlackTitle "I"]
[WhiteElo "1761"]
[BlackElo "1632"]

1. d4 d5 2. c4 dxc4 3. e3 Nf6 4. Nc3 e6 5. Bxc4 Be7 6. Nf3 O-O 7. O-O Nc6 8. a3
b6 9. b4 Bb7 10. Bb2 Bd6 11. e4 e5 12. d5 Ne7 13. Qe2 Ng6 14. Bc1 Nh5 15. g3 a6
16. Ne1 Nf6 17. Nd3 Re8 18. Bb2 Nd7 19. Nd1 b5 20. Bb3 c5 21. bxc5 Nxc5 22. Nxc5
Bxc5 23. Ne3 Qg5 24. Ng2 Bc8 25. h4 Qxg3 26. Kh1 Qxb3 0-1

[Event "DRUZYNOWE MISTRZOSTWA POLSKI JUNIOROW - II LIGA"]
[Site "Szczyrk, CKiR Orle Gniazdo ul. Wrzosowa 28a"]
[Date "2014-07-29"]
[Round "7.74"]
[White "Mrozowski, Patryk"]
[Black "Skierski, Jacek"]
[Result "1/2-1/2"]
[WhiteTitle "I"]
[BlackTitle "II"]
[WhiteElo "1795"]
[BlackElo "1547"]

1. e4 e6 2. d4 d5 3. e5 c5 4. c3 Nc6 5. a3 Qb6 6. Nf3 Bd7 7. b4 cxd4 8. cxd4 Rc8
9. Be3 g6 10. Bd3 Nh6 11. Nbd2 Ng4 12. O-O Nxe3 13. fxe3 Bg7 14. g4 Bxe5 15. b5
Bxd4 16. bxc6 Bxe3+ 17. Kg2 Bxc6 18. Qe2 Bh6 19. Ne5 O-O 20. Ndf3 Bg7 21. h4 d4
22. Nxc6 bxc6 23. Ng5 c5 24. Rab1 Qc6+ 25. Be4 Qd7 26. Qc4 Bh6 27. Rb7 Rc7 28.
Rxc7 Qxc7 29. Nxf7 Rxf7 30. Qxe6 Kf8 31. Bd5 Rxf1 32. Qg8+ Ke7 33. Qxh7+ Kd8 34.
Qxc7+ Kxc7 35. Kxf1 Bc1 36. a4 Kd6 37. Bf7 Ke5 38. Ke2 Kf4 39. Kd3 Kxg4 40. Bxg6
Kxh4 41. Kc4 Ba3 42. Bd3 Bb4 43. Kb5 a5 44. Kc4 Kg3 45. Bg6 Kf3 46. Kd3 Kf2 47.
Bf5 Bc3 48. Bg6 Ke1 49. Bh5 1/2-1/2

[Event "DRUZYNOWE MISTRZOSTWA POLSKI JUNIOROW - II LIGA"]
[Site "Szczyrk, CKiR Orle Gniazdo ul. Wrzosowa 28a"]
[Date "2014-07-29"]
[Round "7.75"]
[White "Sulkowski, Andrzej"]
[Black "Jaszczuk, Mateusz"]
[Result "1/2-1/2"]
[WhiteTitle "I"]
[BlackTitle "II"]
[WhiteElo "1615"]
[BlackElo "1426"]

1. d4 c5 2. d5 g6 3. c4 Bg7 4. Nc3 Nf6 5. Nf3 d6 6. g3 O-O 7. Bg2 Nbd7 8. O-O a6
9. a4 Re8 10. Nd2 Ne5 11. f4 Ned7 12. e4 Qc7 13. Nf3 Rf8 14. Qe2 b6 15. e5 dxe5
16. fxe5 Ng4 17. Ne1 Ngxe5 18. d6 Qa7 19. dxe7 Re8 20. Bxa8 Qxa8 21. Nd5 Qb8 22.
Nf3 Bb7 23. Nxe5 Nxe5 24. Bg5 Bxd5 25. cxd5 h6 26. Bf6 Qd6 27. Bxg7 Kxg7 28. Rad1
Rxe7 29. Rfe1 c4 30. Qe3 f6 31. Kh1 Rd7 32. Qd4 Nf3 33. Qxc4 Nxe1 34. Rxe1 Qxd5+
35. Qxd5 Rxd5 36. Re7+ Kg8 37. Re6 Rd1+ 38. Kg2 Rd2+ 39. Kh3 Rxb2 40. Rxf6 Kg7
41. Rc6 h5 42. a5 bxa5 43. Rxa6 Rb5 44. g4 Rb3+ 45. Kh4 hxg4 46. Rxa5 1/2-1/2

[Event "DRUZYNOWE MISTRZOSTWA POLSKI JUNIOROW - II LIGA"]
[Site "Szczyrk, CKiR Orle Gniazdo ul. Wrzosowa 28a"]
[Date "2014-07-29"]
[Round "7.76"]
[White "Guzik, Kacper"]
[Black "Setera, Mateusz"]
[Result "1-0"]
[WhiteTitle "II"]
[BlackTitle "II"]
[WhiteElo "1146"]
[BlackElo "1309"]

1. e4 e5 2. Nf3 Nc6 3. d4 exd4 4. Nxd4 Nf6 5. Nc3 Bb4 6. a3 Bxc3+ 7. bxc3 Nxe4
8. Qg4 Nxd4 9. cxd4 Nf6 10. Qxg7 Rg8 11. Qh6 Rg6 12. Qe3+ Qe7 13. Qxe7+ Kxe7 14.
Bf4 c6 15. f3 d5 16. Kd2 Bf5 17. Rb1 b6 18. Rb2 h5 19. a4 Nd7 20. Ba6 Rag8 21.
Re1+ Re6 22. Rxe6+ Bxe6 23. Bb7 c5 24. c3 c4 25. a5 bxa5 26. Ra2 Kf6 27. Rxa5
Kf5 28. Bd6 Nf6 29. Rxa7 Rd8 30. Bc5 Rb8 31. Bb6 h4 32. Bc7 Re8 33. Bc6 Rc8 34.
Ba4 h3 35. Bc2+ Kg5 36. f4+ Kg4 37. gxh3+ Kxh3 38. f5 Rg8 39. fxe6 Rg2+ 40. Ke1
Rxc2 41. exf7 Ne4 42. f8=Q Rc1+ 43. Ke2 Rc2+ 44. Kd1 Rd2+ 45. Kc1 1-0